Gods and men (Record no. 366375)

000 -LEADER
fixed length control field 00357cam a22001457a 4500
008 - FIXED-LENGTH DATA ELEMENTS--GENERAL INFORMATION
fixed length control field 180718b1962 xxu||||| |||| 00| 0 eng d
082 ## - DEWEY DECIMAL CLASSIFICATION NUMBER
Classification number ABx54 G346
100 ## - MAIN ENTRY--PERSONAL NAME
Personal name Ghurye, G.S.
245 ## - TITLE STATEMENT
Title Gods and men
Statement of responsibility, etc. by G.S. Ghurye
260 ## - PUBLICATION, DISTRIBUTION, ETC.
Place of publication, distribution, etc. Bombay
Name of publisher, distributor, etc. Popular
Date of publication, distribution, etc. 1962
300 ## - PHYSICAL DESCRIPTION
Extent 300p.
500 ## - GENERAL NOTE
General note Rs.20.00
650 ## - SUBJECT ADDED ENTRY--TOPICAL TERM
Topical term or geographic name entry element Gods - INdia
650 ## - SUBJECT ADDED ENTRY--TOPICAL TERM
Topical term or geographic name entry element Religion - India
Holdings
Withdrawn status Lost status Damaged status Not for loan Permanent Location Current Location Date acquired Full call number Barcode Date last seen Price effective from Koha item type
        Indian Institute of Public Administration Indian Institute of Public Administration 1994-05-02 ABx54 G346 31762 2018-07-21 2018-07-21 Book

Powered by Koha